000 00675nam a2200289Ia 4500
005 20260324145401.0
008 008 260324s9999 xx 000 0 eng d
020 _a9781003352884
037 _aEBOOK
040 _aCRL
040 _beng
040 _cCRL
041 _2eng
041 _aeng
084 _qCRL
100 _aJürgen Tampke
_91204410
245 0 _aWunderbar Country
245 0 _bGermans Look at Australia, 1850–1914
260 _bTaylor and Francis
260 _c1982
365 _a
365 _b150
856 _uhttp://www.taylorfrancis.com/books/9781003352884
942 _cEBOOK
999 _c1830610
_d1830610